| 000 | 00668nam a2200217 a 4500 | ||
|---|---|---|---|
| 005 | 20231024063627.0 | ||
| 008 | 991125s1946 mx 000 0 spa u | ||
| 035 | _aUPN01000004450 | ||
| 049 | _aLT | ||
| 050 | 4 |
_aLB1589 M6.5 _bR6.3 1946 |
|
| 100 | 1 | _aRozán, José E. | |
| 245 | 1 | 0 |
_aAritmética y nociones de geometría 2o. libro / _cJ. E. Rozán. |
| 250 | _a3a ed. | ||
| 260 |
_aMéxico : _bProgreso, _c1946. |
||
| 300 |
_a264 p. : _bil. |
||
| 500 | _aDisponible en la Colección Medina | ||
| 650 | 4 |
_aAritmética _xEstudio y enseñanza (Elemental) _95289 |
|
| 650 | 4 |
_aGeometría _xEstudio y enseñanza (Elemental) _94869 |
|
| 905 | _aLibro | ||
| 999 |
_c4450 _d4450 |
||